00379nam a2200157Ia 45000010006000000050017000060080041000230410008000640820022000721000036000942450038001302600009001683000028001776500008002056540008002132124820260306172905.0260306t2020||||xx |||||||||||||| ||spa|| aESP a344.410985bCH533 aChávez Cotrina, Jorge W.eAUT 0aEl crimen organizado en el Perú c2020 a893 páginas :c25 cm. aGEN aCDE